| 000 -LEADER |
| fixed length control field |
00912nam a22002297a 4500 |
| 003 - CONTROL NUMBER IDENTIFIER |
| control field |
OSt |
| 005 - DATE AND TIME OF LATEST TRANSACTION |
| control field |
20181001060419.0 |
| 008 - FIXED-LENGTH DATA ELEMENTS--GENERAL INFORMATION |
| fixed length control field |
180226b xxu||||| |||| 00| 0 spa d |
| 040 ## - CATALOGING SOURCE |
| Transcribing agency |
PJ |
| 100 ## - ASIENTO PRINCIPAL - NOMBRE DE PERSONA |
| 9 (RLIN) |
2137 |
| Personal name |
Rivas, Adolfo Armando |
| 245 10 - MENCIÓN DE TÍTULO |
| Título propiamente dicho |
Tratado de las tercerías : |
| Parte restante del título |
el proceso complejo / |
| Mención de responsabilidad, etc |
Adolfo Armando Rivas. |
| 260 ## - PUBLICATION, DISTRIBUTION, ETC. (IMPRINT) |
| Place of publication, distribution, etc |
Buenos Aires : |
| Name of publisher, distributor, etc |
Ábaco, |
| Date of publication, distribution, etc |
1993. |
| 300 ## - DESCRIPCION FISICA |
| Extent |
405 p. |
| Dimensions |
22 cm. |
| Other physical details |
encuadernada |
| 500 ## - NOTA GENERAL |
| General note |
Citas y notas a pie de página. |
| 501 ## - WITH NOTE |
| With note |
La biblioteca posee sólo el volumen 1 de la edición encuadernada.<br/> |
| 505 ## - FORMATTED CONTENTS NOTE |
| Formatted contents note |
Contenido:<br/>v. 1: El proceso y su complejidad -- La complejidad subjetiva -- La sucesión procesal -- Sustitución procesal -- La acción subrogatoria. |
| 650 #0 - ASIENTO SECUNDARIO DE MATERIA - TERMINO TEMATICO |
| 9 (RLIN) |
1148 |
| Topical term or geographic name as entry element |
DERECHO PROCESAL CIVIL |
| 650 #0 - ASIENTO SECUNDARIO DE MATERIA - TERMINO TEMATICO |
| 9 (RLIN) |
2401 |
| Topical term or geographic name as entry element |
PROCESO JUDICIAL |
| 650 #0 - ASIENTO SECUNDARIO DE MATERIA - TERMINO TEMATICO |
| 9 (RLIN) |
2362 |
| Topical term or geographic name as entry element |
PARTES DEL PROCESO |
| 650 #0 - ASIENTO SECUNDARIO DE MATERIA - TERMINO TEMATICO |
| 9 (RLIN) |
2433 |
| Topical term or geographic name as entry element |
TERCERÍAS |
| 942 ## - ADDED ENTRY ELEMENTS (KOHA) |
| Source of classification or shelving scheme |
|
| Koha item type |
Libros |
| Classification part |
347.91/.95 |
| Item part |
RIV |